00366nam a2200133Ia 4500008004000000020001800040082001500058100002500073245003500098250000500133260005100138300001400189650002900203210210b2000 xxu||||| |||| 00| 0 eng d a0 534 34898 X a155.2 RYCT aRYCKMAN (Richard M). aTheories of personality. Ed 7. a aAustralia.bWadsworth Thomson Learning.,c2000 axxiii,693 aIndividual Personality